| 000 | 00741nam a22002770a 4500 | ||
|---|---|---|---|
| 001 | PT8965 | ||
| 003 | AR-LpoUNG | ||
| 005 | 20210131232337.0 | ||
| 008 | 191001s1986||||sp |||||||||||||||||spa d | ||
| 020 |
_a8430310126 _c$12 |
||
| 040 |
_aAR-LpoUNG _bspa _cAR-LpoUNG _eaacr |
||
| 041 | _aspa | ||
| 044 | _asp | ||
| 082 | 0 | _aR473 638di | |
| 100 | 1 | _aBlanquez Fraile, Agustín | |
| 245 | 1 | 0 | _aDiccionario manual latino-español y español-latino |
| 260 |
_aBarcelona : _bRamón Sopena, _c1986. |
||
| 300 |
_a670 p. : _bgráfs. |
||
| 650 | 4 | _aLEXICOGRAFIA | |
| 650 | 4 | _aMATERIAL DE REFERENCIA | |
| 650 | 4 | _aTERMINOLOGIA | |
| 653 | _aDICCIONARIOS BILINGÜES | ||
| 653 | _aDICCIONARIOS DE LATIN | ||
| 905 | _a8965 | ||
| 942 | _cLSALA | ||
| 999 |
_c15083 _d15083 |
||